| 000 | 01195cab a2200253 4500 | ||
|---|---|---|---|
| 001 | ABS59512 | ||
| 008 | 090401t1998 xxu||||| |||| 00| 0 eng d | ||
| 035 | _a(Sirsi) u89505 | ||
| 041 | _aeng | ||
| 245 | _aR v North Yorkshire CC ex parte Brown and Cartwright | ||
| 260 | _c1998 | ||
| 350 | _a0 | ||
| 490 |
_aProperty and Compensation Reports _v[1998] P&CR 433-440(8) |
||
| 520 | _aCA 27 january 1998. The mineral planning authority (N) approved conditions for the operation, restoration and after-care of the subject land, following the registering of an Old Mining Permission. Applicants B and C (nearby residents) submitted that the decision was in opposition to the EC Directive on environmental assessment, and that such a process be followed. Their application was dismissed in the court below. "Held" directive does have effect - appeal allowed. | ||
| 650 | _aEC DIRECTIVE | ||
| 650 | _aENVIRONMENTAL ASSESSMENT | ||
| 650 | _aJUDICIAL REVIEW | ||
| 650 | _aMINING PERMISSION | ||
| 650 | _aPLANNING AND COMPENSATION ACT 1991 | ||
| 650 | _aR V NORTH YORKSHIRE CC EX PARTE BROWN AND CARTWRIGHT | ||
| 690 | _aMINING AND MINERALS-CASE LAW | ||
| 942 | _n0 | ||
| 948 | _c04/11/1998 | ||
| 999 |
_c56638 _d56638 |
||